00170 a2200073 450000500170000010000150001724500160003230000480004820250628155937.0 aMASON, M.  aThe Promise a619p.: ill; Graph, TablebBibliographc23cm